Nalaganje...

AN INTRODUCTION TO CHEMICAL NOMECLATURE

Bibliografske podrobnosti
Glavni avtor: CAHN R S
Format: Printed Book
Izdano: NEWDELHI BUTTERWORTHS/HEINEMANN 1964
Izdaja:2
Teme:
LEADER 00577nam a2200181 4500
020 |c 13.6 
082 |a 540 CAH 
100 |a CAHN R S 
245 |a AN INTRODUCTION TO CHEMICAL NOMECLATURE  |h ENGLISH 
250 |a 2 
260 |a NEWDELHI  |b BUTTERWORTHS/HEINEMANN  |c 1964 
300 |a 109  |f PB 
500 |a   
590 |d SHILLI 13.6 
650 |a AN INTRODUCTION TO CHEMICAL NOMECLATURE 
942 |c BK 
999 |c 119379  |d 119379 
952 |0 0  |1 0  |4 0  |6 540_000000000000000_CAH  |7 0  |9 132844  |a CHE  |b CHE  |g 13.60  |l 0  |o 540 CAH  |p CHE687  |r 2019-10-15  |w 2019-10-15  |y BK